[Event "Sachsen-ch U08"]
[Site "Sebnitz"]
[Date "2009.04.14"]
[Round "1"]
[White "Renger, Niklas"]
[Black "Hermann, Stefan"]
[Result "1-0"]
[WhiteElo "1013"]
[BlackElo "736"]
[PlyCount "75"]
[EventDate "2009.04.14"]
[EventType "swiss"]
[EventRounds "7"]
[EventCountry "GER"]
[SourceTitle "EXT 2010"]
[Source "ChessBase"]
[SourceDate "2010.11.25"]
[SourceVersion "1"]
[SourceVersionDate "2010.11.25"]
[SourceQuality "1"]

1. e4 d5 2. exd5 Qxd5 3. Nc3 Qd8 4. Nf3 e6 5. Bc4 a6 6. 0-0 Bc5 7. Re1 Nc6 8. d3 Nge7 9. Bg5 0-0 10. Qd2 Qe8 11. a3 Nf5 12. b4 Bb6 13. b5 Nd6 14. bxc6 Nxc4 15. dxc4 Qxc6 16. Ne5 Qe8 17. Rad1 f6 18. Kh1 fxg5 19. Qxg5 Rf5 20. Qg3 Bxf2 21. Qh3 Bxe1 22. Rxe1 Qf8 23. g4 Rxe5 24. Rxe5 b6 25. Rh5 h6 26. g5 g6 27. Rxh6 Bb7+ 28. Kg1 Qc5+ 29. Kf1 Rf8+ 30. Ke1 Qf2+ 31. Kd1 Bf3+ 32. Kc1 Bg2 33. Rh8+ Kf7 34. Qh7+ Ke8 35. Qxg6+ Qf7 36. Qxf7+ Kxf7 37. g6+ Ke7 38. g7 1-0